000 01581nam a22004215a 4500
001 21499
003 VRT
005 20260302145649.0
008 240313s2011 xo a g 000 p slo
015 _aSNBA2012/03-01374
020 _a9788097044701
_q(viaz.)
035 _a57CD298B-4425-4D1E-B1DC-FAC20708862F
035 _aurn:nbn:sk:snk-amjjsn
035 _aurn:nbn:sk:snk-am000yy7
039 9 _a202403131717
_bVLOAD
_c201912291942
_dAUTHORITY
_c201912291929
_dAUTHORITY
_c201508271420
_dVLOAD
040 _aSNK
_bslo
_cSNK
_eAACR2
041 0 _aslo
044 _axo
_cSK
072 7 _a821.162.4-1
_xSlovenská poézia
_2konspekt
080 _a821.162.4-1
_22001
100 1 _aOndrejička, Erik,
_d1964-
_4aut
245 1 0 _aNa vnútornej strane viečok
_cErik Ondrejička ; [ilustrácie Albín Brunovský ; dizajn Pergamen]
250 _a2. zm. vyd.
260 _aBratislava
_bProkat
_c2011
_eBanská Bystrica
_fTlačiarne BB
300 _a150 s.
_bilustr.
_c24 cm
655 7 _aslovenská poézia
_2SNKPH
655 7 _aSlovak poetry
_2SNKPHeng
700 1 _aBrunovský, Albín,
_d1935-1997
_4ill
710 1 _aPergamen (Trnava)
_4bkd
711 2 _aNajkrajšie knihy Slovenska
_cBratislava, Slovensko).
_d2011
942 _2ddc
_cKLDO
_n0
949 _617A0877645
_asnkSC 148221
_bsnk2012/3699
_o441/12
949 _617A0877644
_asnkSC 148221 D1
_bsnk2012/3700
_o441/12
_s6100:20210923
949 _6270001000399938
_asvkbbB 48207
_bsvkbbm 728114
949 _63870A21900
_abinNKS 11/04
_bbin21900
980 _a821.162.4-1
999 _c21499
_d21499